« Retourner aux résultats de recherche
Neiges mortelles
| Auteur principal: | Sylviane Corgiat |
|---|---|
| D'autres auteurs: | Bruno Lecigne Luca Albanese |
| Support: | Livres |
| Langue: | Francais |
| Publié: |
2025 Humanoïdes associés Genève (Suisse) |
| Series: |
Les enquêtes de Louise Beauvoir |
| Genre: |
Bandes déssinées ADULTE |
| Sujets: | |
| Étiquettes: |
Ajouter
Pas de Tags !
|
| LEADER | 01234nam0a2200241 450 | ||
|---|---|---|---|
| 001 | 16847618 | ||
| 010 | |a 978-2-7316-8922-8 |b rel. |d 22 | ||
| 100 | |a 20241018d2025 u u0frey01 ba | ||
| 101 | 0 | |a fre | |
| 102 | |a FR | ||
| 200 | 0 | |a Neiges mortelles |f scénario Sylviane Corgiat et Bruno Lecigne |g dessin et couleur Luca Albanese | |
| 207 | 1 | |a | |
| 210 | |a Genève (Suisse) |c Humanoïdes associés |d 2025 | ||
| 215 | |a 1 vol. (107 p.) |c illustrations en couleur |d 32 x 25 cm | ||
| 300 | |a Chronol. | ||
| 330 | |a Mutée en Haute-Savoie, Louise tourne en rond, d'autant plus que sa fille ne veut pas la rejoindre pour les fêtes. Un jour, Alma, jeune parisienne, arrive pour enquêter sur la mort de ses parents, survenue dans un incendie vingt ans plus tôt. Mais quelqu'un ne souhaite pas remuer le passé. La logeuse d'Alma est retrouvée assassinée et cette dernière est immédiatement soupçonnée. | ||
| 461 | 0 | |t Les enquêtes de Louise Beauvoir |v 2 | |
| 700 | 0 | |a Corgiat |b Sylviane |4 70 | |
| 701 | 0 | |a Lecigne |b Bruno |4 70 | |
| 701 | 0 | |a Albanese |b Luca |4 440 | |
| 900 | |a Bandes déssinées ADULTE | ||
| 901 | |a Accessible au prêt | ||
| 995 | |a Bibliothèque |c Bibliothèque |f 00156008862229 |h 00156008862229 |k BDA COR |o p |q a |r az |e Bibliothèque | ||
